01537nam a2200361 i 4500001000300000003000400003005001700007008004100024015001800065020001500083020001800098040001400116080001700130080000900147111005700156245017200213246009200385246008400477260007600561300005400637500003900691504003200730530005600762650002100818655002900839700002900868700003200897700005200929942001200981856009800993999001701091952006701108bgBPK20220125151923.0061115s2006 pl a |101 0 eng  aPB 2006/26427 a8391770133 a9788391770139 aWA NcBPK a621.3.049.77 a(06)2 aIMAPS Poland Chapter 2006n(30 ;d2006 ;cKraków).10aXXX International Conference IMAPS Poland Chapter 2006, Kraków, 24-27 September 2006 :bproceedings /c[ed. Wiesław Zaraska, Andrzej Cichocki, Dorota Szwagierczak].3 aInternational Conference IMAPS Poland Chapter 2006, Kraków, 24-27 September 2006, 30.14aXXX International Conference of IMAPS Poland Chapter, Kraków, September 2006. aKraków :bInstitute of Electron Technology. Cracow Division,c[2006]. a527 s. :bil. ;c30 cm +edysk optyczny (CD-ROM). aRok wyd. wg informacji od wydawcy. aBibliogr. przy ref. Indeks. aDostępny również jako dokument elektroniczny. 4aMikroelektronika 4aMateriały konferencyjne1 aZaraska, Wiesław.eRed.1 aSzwagierczak, Dorota.eRed.1 aCichocki, Andrzejc(nauki techniczne)eRedakcja 2UKDcKS uhttp://koha.tu.koszalin.pl/cgi-bin/koha/opac-detail.pl?biblionumber=52631yKatalog online BPK c52631d52631 00104071aBPKbBPKcco81262p02347141t621.3.037/.049 MyKS